| 000 | 00852nam a22002057a 4500 | ||
|---|---|---|---|
| 999 |
_c11190 _d11190 |
||
| 003 | AR-CdUCM | ||
| 008 | 190403b ||||| |||| 00| 0 spa d | ||
| 040 |
_aMUNICIPALIDAD PROVINCIAL DEL CUSCO _cBIBLIOTECA MUNICIPAL DEL CUSCO |
||
| 082 |
_aEP / 030 / _bE56 |
||
| 245 |
_aCole : _bEnciclopedia temática para el estudiante / |
||
| 260 |
_aBarcelona : _bEdic. Nauta, _c1990. |
||
| 300 |
_a5 tomos ; _bIlustraciones, gráficos, _c23 cm. |
||
| 505 | _aContenido : t.1: La tierra y su estudio geográfico --t.2: Ciencias naturales --t.3: Ciencias Exactas --t.4: Ciencias sociales --t.5: Arte , lengua y literatura / | ||
| 650 |
_aEnciclopedias escolares _928418 |
||
| 650 |
_aEducación primaria _91561 |
||
| 700 |
_aJulia Goytisolo Carandell (editor) _928419 |
||
| 700 |
_aJordi Cirugeda Gales (editor) _928420 |
||
| 942 |
_2ddc _cLIBROS |
||
| 945 | _arjall | ||